[Event "DVM U16 2020"]
[Site "Willingen GER"]
[Date "2021.06.24"]
[Round "2"]
[White "Stoib, Marinus"]
[Black "Gülsen, Sinan Yilmaz"]
[Result "1-0"]
[Termination "normal"]
[Board "8.4"]
[WhiteElo "1680"]
[BlackElo "1357"]
[WhiteTeam "TV Tegernsee"]
[BlackTeam "Karlsruher SF 1853"]
[PlyCount "67"]
[WhiteFideId "12994901"]
[BlackFideId "34606017"]
[EventCountry "GER"]
[EventRounds "7"]
[EventType "team-swiss"]
[EventDate "2021.06.23"]

1. d4 Nf6 2. c4 e6 3. Nc3 Bb4 4. Bd2 O-O 5. a3 Be7 6. e4 d5 7. e5 Ne8 8. cxd5
exd5 9. Bd3 g6 10. g4 f5 11. Qc2 Bg5 12. f4 Bh6 13. g5 Bg7 14. Nxd5 Be6 15. Ne3
Qxd4 16. Ne2 Qb6 17. Nc4 Qc6 18. O-O-O Qd5 19. Bb4 c5 20. Ne3 Qc6 21. Bxc5 Na6
22. Bxf8 Qf3 23. Kd2 Rc8 24. Qxc8 Bxc8 25. Bxg7 Kxg7 26. Rc1 Nac7 27. Rhf1 Qh3
28. Rxc7+ Nxc7 29. Rc1 Ne6 30. Rxc8 Qxh2 31. Bc4 Kf7 32. Rc7+ Ke8 33. Bxe6 h5
34. Nd5 1-0

[Event "DVM U16 2020"]
[Site "Willingen GER"]
[Date "2021.06.24"]
[Round "2"]
[White "Farokhi, Keyvan"]
[Black "Geltz, Noah"]
[Result "0-1"]
[Termination "normal"]
[Board "9.1"]
[WhiteElo "2059"]
[BlackElo "2087"]
[WhiteTeam "SK Doppelbauer Kiel"]
[BlackTeam "SF HN-Biberach 1978 e.V."]
[PlyCount "116"]
[WhiteFideId "12998630"]
[BlackFideId "16224256"]
[EventCountry "GER"]
[EventRounds "7"]
[EventType "team-swiss"]
[EventDate "2021.06.23"]

1. e4 c5 2. Nf3 Nc6 3. d4 cxd4 4. Nxd4 g6 5. Nc3 Bg7 6. Be3 Nf6 7. Bc4 O-O 8.
f3 d6 9. Qd2 Bd7 10. O-O-O Na5 11. Bb3 Nxb3+ 12. axb3 Qa5 13. Kb1 Rfc8 14. h4
h5 15. Bh6 Rc5 16. g4 hxg4 17. Bxg7 Kxg7 18. Qe3 gxf3 19. Nxf3 Bg4 20. Rdf1 Rh5
21. b4 Qb6 22. Qf4 Bxf3 23. Rxf3 Qxb4 24. Nd5 Qd4 25. Nxe7 Qe5 26. Rhf1 Qxe7
27. Qxf6+ Qxf6 28. Rxf6 Rf8 29. Rxd6 Rxh4 30. e5 Re4 31. Rd5 g5 32. e6 Rxe6 33.
Rxg5+ Rg6 34. Rd5 f6 35. Rd7+ Rf7 36. Rfd1 f5 37. Rxf7+ Kxf7 38. Rd7+ Ke6 39.
Rxb7 Rg1+ 40. Ka2 f4 41. Rb8 Rg7 42. Rd8 f3 43. Rd1 f2 44. Rf1 Rf7 45. c4 Ke5
46. Kb3 Kd4 47. Kb4 Rb7+ 48. Ka3 Ke3 49. b4 Ke2 50. Rc1 f1=Q 51. Rxf1 Kxf1 52.
c5 Ke2 53. c6 Rc7 54. b5 Kd3 55. Kb4 Kd4 56. Ka5 Kc5 57. Ka6 Kd6 58. Ka5 Ke7
0-1

[Event "DVM U16 2020"]
[Site "Willingen GER"]
[Date "2021.06.24"]
[Round "2"]
[White "Gerold, Robin"]
[Black "Rempe, Jonas"]
[Result "0-1"]
[Termination "normal"]
[Board "9.2"]
[WhiteElo "1438"]
[BlackElo "1957"]
[WhiteTeam "SF HN-Biberach 1978 e.V."]
[BlackTeam "SK Doppelbauer Kiel"]
[PlyCount "98"]
[WhiteFideId "16235185"]
[BlackFideId "16202406"]
[EventCountry "GER"]
[EventRounds "7"]
[EventType "team-swiss"]
[EventDate "2021.06.23"]

1. d4 Nf6 2. Bf4 d5 3. e3 e6 4. Nf3 Be7 5. Nbd2 O-O 6. Bd3 b6 7. c3 Bb7 8. O-O
c5 9. b3 Nc6 10. Qc2 h6 11. Rac1 Rc8 12. Qb1 Nh5 13. Bg3 Nxg3 14. hxg3 Bf6 15.
Nh2 e5 16. dxe5 Nxe5 17. Bf5 Rc7 18. Ndf3 Nxf3+ 19. Nxf3 Qe7 20. Rfe1 Rd8 21.
e4 g6 22. exd5 Qf8 23. Be4 Bxd5 24. Bxd5 Rxd5 25. c4 Rd8 26. Rcd1 Rcd7 27. Rxd7
Rxd7 28. Qc1 Kg7 29. g4 Qd8 30. Qe3 Re7 31. Qc1 Rxe1+ 32. Qxe1 Qd3 33. Qd2 Qb1+
34. Kh2 Qe4 35. g5 hxg5 36. Nxg5 Qe5+ 37. f4 Bxg5 38. g3 Qd4 39. Qg2 Bf6 40.
Kh3 Qb2 41. Qf3 Qxa2 42. f5 Qc2 43. fxg6 Qxg6 44. Qb7 Be5 45. g4 Qd3+ 46. Kg2
Qe2+ 47. Kg1 Bd4+ 48. Kh1 Qf1+ 49. Kh2 Be5# 0-1

[Event "DVM U16 2020"]
[Site "Willingen GER"]
[Date "2021.06.24"]
[Round "2"]
[White "Steinbach, Julian"]
[Black "Martsfeld, Jonas"]
[Result "1-0"]
[Termination "normal"]
[Board "9.3"]
[WhiteElo "1704"]
[BlackElo "1381"]
[WhiteTeam "SK Doppelbauer Kiel"]
[BlackTeam "SF HN-Biberach 1978 e.V."]
[PlyCount "92"]
[WhiteFideId "16247973"]
[BlackFideId "16255640"]
[EventCountry "GER"]
[EventRounds "7"]
[EventType "team-swiss"]
[EventDate "2021.06.23"]

1. e4 e5 2. Nf3 Nc6 3. Bc4 Bc5 4. d3 Nf6 5. O-O d6 6. Be3 Bb6 7. c3 O-O 8. Nbd2
Qe7 9. Re1 Bg4 10. h3 Be6 11. d4 Nxe4 12. d5 Nxd2 13. Nxd2 Bxh3 14. dxc6 Bc8
15. Bd5 bxc6 16. Bxc6 Rb8 17. Nc4 Bxe3 18. Rxe3 Ba6 19. b3 Bxc4 20. bxc4 Rb6
21. Qd5 Rfb8 22. c5 dxc5 23. Ba4 Qd6 24. Qxe5 Rb1+ 25. Rxb1 Rxb1+ 26. Kh2 g6
27. Qxd6 cxd6 28. Bb3 Rb2 29. Rf3 Kh8 30. Rxf7 a5 31. Rd7 Rxf2 32. Rxd6 a4 33.
Be6 Rc2 34. Rd3 Kg7 35. a3 Rc1 36. c4 Kf6 37. Bd5 Ra1 38. Bc6 Rc1 39. Bb5 Ke6
40. Bxa4 Ke5 41. Bb5 Ra1 42. a4 Ra2 43. Rd5+ Ke4 44. Rxc5 Kd4 45. Rc7 h6 46.
Rg7 g5 1-0

[Event "DVM U16 2020"]
[Site "Willingen GER"]
[Date "2021.06.24"]
[Round "2"]
[White "Weidemann, Jakob"]
[Black "Payes Kanders, Valentin"]
[Result "0-1"]
[Termination "normal"]
[Board "10.1"]
[WhiteElo "1570"]
[BlackElo "1498"]
[WhiteTeam "Schachklub Münster 32 e. V."]
[BlackTeam "Schachfreunde Essen-Katernberg"]
[PlyCount "67"]
[WhiteFideId "16255470"]
[BlackFideId "16261046"]
[EventCountry "GER"]
[EventRounds "7"]
[EventType "team-swiss"]
[EventDate "2021.06.23"]

1. e4 c5 2. Nf3 e6 3. d4 cxd4 4. Nxd4 Nc6 5. Nc3 Nf6 6. Ndb5 d6 7. Bf4 e5 8.
Bg5 a6 9. Na3 b5 10. Nd5 Be7 11. Bxf6 Bxf6 12. c4 bxc4 13. Nxc4 Nd4 14. Rc1 O-O
15. Ncb6 Rb8 16. Nxc8 Rxc8 17. Rxc8 Qxc8 18. Bd3 Bd8 19. O-O Qb7 20. b4 f5 21.
Bc4 Kh8 22. exf5 Rxf5 23. Bd3 Rg5 24. Be4 Qb5 25. Re1 Qe8 26. f4 Rh5 27. Rf1
Bf6 28. Qg4 Rh6 29. fxe5 Bxe5 30. g3 Ne6 31. Qf5 g6 32. Qf7 Qxf7 33. Rxf7 Ng5
34. Ra7 0-1

[Event "DVM U16 2020"]
[Site "Willingen GER"]
[Date "2021.06.24"]
[Round "2"]
[White "Zamhöfer, Luca"]
[Black "John, Niklas"]
[Result "1-0"]
[Termination "normal"]
[Board "10.2"]
[WhiteElo "1766"]
[BlackElo "1521"]
[WhiteTeam "Schachfreunde Essen-Katernberg"]
[BlackTeam "Schachklub Münster 32 e. V."]
[PlyCount "81"]
[WhiteFideId "16216040"]
[BlackFideId "16234626"]
[EventCountry "GER"]
[EventRounds "7"]
[EventType "team-swiss"]
[EventDate "2021.06.23"]

1. e4 c5 2. Nf3 d6 3. d4 cxd4 4. Nxd4 Nf6 5. Nc3 g6 6. Be3 Bg7 7. f3 O-O 8. Bc4
Nc6 9. Qd2 Bd7 10. O-O-O Rc8 11. Bb3 Nxd4 12. Bxd4 b5 13. Nd5 Nxd5 14. Bxg7
Kxg7 15. exd5 a5 16. a3 Qc7 17. Rhe1 Rfe8 18. h4 a4 19. Ba2 Qb7 20. g4 Rc5 21.
h5 Rec8 22. Qd4+ Kg8 23. h6 Rxc2+ 24. Kb1 f6 25. Qe4 R2c7 26. Ka1 Be8 27. g5
Qb6 28. gxf6 exf6 29. Qe6+ Bf7 30. Qxf6 Be8 31. Re7 Rxe7 32. Qxe7 Qc7 33. Qe6+
Bf7 34. Qf6 Be8 35. Re1 Ra8 36. Bb1 Qf7 37. Qxd6 Qf8 38. Qe5 Qxh6 39. d6 Rd8
40. Qxe8+ Rxe8 41. Rxe8+ 1-0

[Event "DVM U16 2020"]
[Site "Willingen GER"]
[Date "2021.06.24"]
[Round "2"]
[White "Tenbosch, Till Theo"]
[Black "Berresheim, Nils"]
[Result "1/2-1/2"]
[Termination "normal"]
[Board "10.3"]
[WhiteElo "1307"]
[BlackElo "1588"]
[WhiteTeam "Schachklub Münster 32 e. V."]
[BlackTeam "Schachfreunde Essen-Katernberg"]
[PlyCount "59"]
[WhiteFideId "16255461"]
[BlackFideId "16246306"]
[EventCountry "GER"]
[EventRounds "7"]
[EventType "team-swiss"]
[EventDate "2021.06.23"]

1. d4 Nf6 2. Nc3 d5 3. Bf4 c5 4. e3 cxd4 5. exd4 a6 6. Bd3 Nc6 7. Nf3 Bg4 8.
Be2 e6 9. h3 Bh5 10. O-O Bb4 11. a3 Bxc3 12. bxc3 b5 13. a4 bxa4 14. Rxa4 O-O
15. Ne5 Bxe2 16. Qxe2 Nxe5 17. Bxe5 Ne4 18. Qg4 Qg5 19. Qxg5 Nxg5 20. f3 f6 21.
Bf4 Rfc8 22. Rfa1 Rxc3 23. h4 Nxf3+ 24. gxf3 Rxc2 25. Rxa6 Rxa6 26. Rxa6 Kf7
27. h5 Rc4 28. Ra7+ Kg8 29. Ra8+ Kf7 30. Ra7+ 1/2-1/2

[Event "DVM U16 2020"]
[Site "Willingen GER"]
[Date "2021.06.24"]
[Round "2"]
[White "Rasch, Lukas"]
[Black "Rohe, Markus"]
[Result "1-0"]
[Termination "normal"]
[Board "10.4"]
[WhiteElo "1591"]
[BlackElo "1113"]
[WhiteTeam "Schachfreunde Essen-Katernberg"]
[BlackTeam "Schachklub Münster 32 e. V."]
[PlyCount "61"]
[WhiteFideId "16272072"]
[BlackFideId "34605983"]
[EventCountry "GER"]
[EventRounds "7"]
[EventType "team-swiss"]
[EventDate "2021.06.23"]

1. b3 d5 2. Bb2 Nc6 3. e3 e5 4. Bb5 Nge7 5. c4 a6 6. Bxc6+ Nxc6 7. Nf3 d4 8.
O-O Be7 9. a3 b5 10. exd4 exd4 11. d3 O-O 12. Nbd2 Bg5 13. Ne4 Bg4 14. Nexg5
Bxf3 15. Nxf3 Rb8 16. b4 Re8 17. Re1 Qd7 18. Qd2 Rbd8 19. Rxe8+ Rxe8 20. Re1
Re6 21. Rxe6 Qxe6 22. Nxd4 Nxd4 23. Bxd4 bxc4 24. dxc4 Qxc4 25. g3 h6 26. Qc3
Qa2 27. Qb2 Qd5 28. Bxg7 Kh7 29. Bf8 Qg5 30. h4 Qg8 31. Qc2+ 1-0